| 000 | 01181cam a2200301 a 4500 | ||
|---|---|---|---|
| 001 | 12738577 | ||
| 005 | 20171024114808.0 | ||
| 008 | 020412s2009 enk |rb 001 0 eng | ||
| 010 | _a2002067359 | ||
| 020 | _a9780521516204 | ||
| 040 |
_aDLC _cDLC _dDLC |
||
| 042 | _apcc | ||
| 050 | 0 | 0 |
_aKZ4850 _b.K58 2002 |
| 082 | 0 | 0 |
_a341.2 _222 _bKLA |
| 100 | 1 |
_aKlabbers, Jan. _912139 |
|
| 245 | 1 | 3 |
_aAn Introduction to International Institutional Law / _cJan Klabbers. |
| 250 | _a2nd ed. | ||
| 260 |
_aLondon : _bCambridge University Press, 2002 _c2002. |
||
| 300 |
_a360 p. ; _c 24 cm. |
||
| 504 | _aIncludes bibliographical references(p.320-349) and index. | ||
| 650 | 0 |
_aInternational agencies. _912140 |
|
| 650 | 0 |
_910516 _aInternational agencies |
|
| 856 | 4 | 1 |
_3Sample text _uhttp://www.loc.gov/catdir/samples/cam033/2002067359.html |
| 856 | 4 | 2 |
_3Publisher description _uhttp://www.loc.gov/catdir/description/cam022/2002067359.html |
| 856 | 4 | 1 |
_3Table of contents _uhttp://www.loc.gov/catdir/toc/cam021/2002067359.html |
| 942 |
_2ddc _cBB |
||
| 999 |
_c13562 _d13562 |
||